Quizz de culture général - Statistiques

Statistiques générales
  • Ce quiz a été pris 5 368 fois
  • Le résultat moyen est 12 sur 15
Statistiques - réponses
Question Réponse % Correct
Qui a écrit "Les Misérables" ? Victor Hugo
97%
Quel est l'élément chimique représenté par le symbole "Fe" ? Fer
96%
En quelle année a eu lieu la révolution française ? 1789
94%
Quel ingrédient est la base principale du guacamole ? Avocat
94%
Quel est le plus grand pays du monde en termes de superficie ? Russie
94%
Quelle planète est connue sous le nom de la "planète rouge" ? Mars
92%
Quelle est la racine carrée de 64 ? 8
91%
Quel est le pays d'origine de la langue portugaise ? Portugal
74%
Quel groupe est connu pour les chansons "Bohemian Rhapsody" et "We Will Rock You" ? Queen
74%
Quel film a remporté l'Oscar du meilleur film lors de la cérémonie de 1998 ? Titanic
68%
Quel est le plus gros organe du corps humain ? La peau
65%
Dans quelle sport peut-on remporter la Coupe Davis ? Le tennis
65%
Quel est le nom du créateur de l'entreprise Microsoft ? Bill Gates
63%
Qui était le premier président des États-Unis ? George Washington
58%
Quel est le plus grand mammifère terrestre ? L'éléphant
47%
Aucun quiz correspondant
Distribution des résultats
% des personnes avec chaque résultat
Percentile par nombre de réponses
Votre historique - résultats
Vous n’avez pas pris ce quiz